[Event "POL-ch 60th"]
[Site "Warsaw"]
[Date "2003.04.27"]
[Round "6"]
[White "Staniszewski, Piotr"]
[Black "Bartel, Mateusz"]
[Result "1/2-1/2"]
[WhiteElo "2446"]
[BlackElo "2443"]
[Annotator "Roiz,M"]
[PlyCount "106"]
[EventDate "2003.04.22"]
[EventType "tourn"]
[EventRounds "13"]
[EventCountry "POL"]
[EventCategory "12"]
[SourceTitle "CBM 095"]
[Source "ChessBase"]
[SourceDate "2003.07.25"]
[SourceVersion "1"]
[SourceVersionDate "2003.07.25"]
[SourceQuality "1"]

1. d4 f5 2. g3 Nf6 3. Bg2 g6 4. Nf3 Bg7 5. O-O O-O 6. c4 d6 7. Nc3 Nc6 8. d5
Na5 9. Qa4 c5 10. dxc6 Nxc6 {In this type of positions black is usually trying
to play against the Pc4 by Bd7, Rc8 and Na5. White may try to push c4-c5 or to
put his knight on d5.} (10... bxc6 {leads to the more complicated positions.})
11. Rd1 {[%cal Yd1d8,Gc4c5] The most logical continuation:c4-c5 is a real
threat now.} Kh8 {This move is always useful, but now black is letting white
to push c4-c5.} ({The practice shows,that other move doesn't promise equality:
} 11... Bd7 12. c5 dxc5 13. Qc4+ Kh8 14. Qxc5 Rc8 (14... Qe8 15. Bf4 Rc8 16.
Qe3 (16. Nb5 $5 b6 (16... Ne4 17. Qe3 e5 18. Bh6 $36) 17. Qa3 h6 18. Nc7 Qf7
19. Ne5 Nxe5 20. Bxe5 a5 21. Rxd7 Nxd7 22. Bd5 $16 {1-0 Brinck Claussen,
B-Kolbak,J/DEN-ch Horsens 1978}) 16... Ne4 17. Nxe4 fxe4 18. Nh4 Bxb2 19. Rab1
e5 20. Rxb2 exf4 21. gxf4 Rc7 22. Bxe4 $16 {1-0 Ribli,Z-Horvath,T/HUN-ch 1974})
15. Qa3 (15. Bf4 $5 {Roiz,M} Qe8 16. Qe3 {-14...Qe8}) 15... Qa5 16. Qxa5 Nxa5
17. Ne5 Be8 18. Be3 b6 19. Rac1 $14 {1/2-1/2 Gofshtein,L-Santo Roman,M/
Montpellier op 2000}) (11... Qa5 12. Qb3 Qb4 (12... Kh8 13. Bd2 Qb6 (13... Qb4
14. Qxb4 Nxb4 15. Nd4 Na6 16. Nb3 Nd7 17. Rac1 Rb8 18. Be3 b6 19. Nd4 Bb7 20.
Ne6 Rfc8 21. Nxg7 Kxg7 22. Nd5 Kf7 23. Bg5 Re8 24. b4 $16 {[%csl Ra6,Rb7,Re7]
1-0 Servat,R-Casafus,R/Buenos Aires Vll Najdorf op 1995}) 14. Be3 Qxb3 15. axb3
Ng4 16. Bc1 Be6 17. Nb5 Rfc8 18. e4 Nge5 19. Nfd4 Bd7 20. exf5 gxf5 21. f4 $14
{1-0 Filippov,V-Saleh,N/Dubai op 2000}) 13. Qxb4 Nxb4 14. Nd4 Rb8 (14... Ng4
15. Rb1 $1 Ne5 16. Bg5 $1 Kf7 17. Ncb5 {[%cal Gg2d5]} Bf6 18. Bh6 Rd8 19. Nc7
Rb8 20. a3 Nec6 21. axb4 Nxd4 22. Be3 $16 {1-0 Jussupow,A-Gurevich,M/Linares
1991}) (14... Kh8 15. b3 Ng4 16. Bb2 Ne5 (16... Bxd4 17. Rxd4 Nc2 18. Rxg4 $1
Nxa1 (18... fxg4 19. Rc1 Nd4 20. Nb5 $18) 19. Rd4 $18) 17. Nd5 Nxd5 18. Bxd5
$16 {1-0 Gyimesi,Z-Saleh,N/Dubai op 1999}) 15. a3 $1 (15. b3 Bd7 16. Bb2 a6 17.
Rac1 Rfc8 18. e3 Kf7 19. h3 h6 20. Rd2 Nc6 21. Nce2 Ne4 $1 $15 {1/2-1/2
Savchenko,S-Rustemov,A/Minsk 1996}) 15... Na6 16. Ncb5 Ra8 $8 17. b4 Ne4 18.
Bb2 $14 {[%csl Ra6]}) 12. c5 d5 $146 (12... Qa5 $2 13. Qxa5 Nxa5 14. cxd6 exd6
15. Rxd6 Nc4 16. Rd1 Ne4 17. Nxe4 fxe4 18. Ng5 Nxb2 19. Bxb2 Bxb2 20. Rab1 Bg7
21. Bxe4 $16 {1-0 Koniushkov,I-Annakov,B/Moscow7 1995}) 13. Bf4 (13. Qh4 $5 {
deserves attention is} e6 14. Bg5 Qa5 15. Rac1 $14 {and black cannot move his
central pawns.}) 13... Be6 {Black is planning to put his knight on d7 and to
push e7-e5. White must progress immediately, otherwise black will be O.K} 14.
Ne5 $6 {This natural move is a mistake from strategical point of view: White
has a space advantage, so he should leave more pieces on the board.} (14. Rac1
$142 {[%cal Gb2b4]} Ne4 (14... Bg8 15. Nd4 Qc8 (15... Nxd4 16. Qxd4 Nd7 17. Qd2
e6 18. b4 $14) 16. Ndb5 $1 e5 17. Nd6 Qc7 18. Bg5 $14) 15. Ng5 $1 (15. Nxe4
fxe4 16. Ng5 Qc8 $132) 15... Nxc3 16. bxc3 Bg8 17. c4 Nd4 (17... d4 18. Bxc6 $1
bxc6 19. Nf3 $1 $16 {[%csl Rc6,Rd4,Re5][%cal Gf4e5,Ge2e3]}) (17... e5 18. cxd5
Nd4 (18... exf4 19. dxc6 Qxg5 20. cxb7 $18) 19. Rxd4 exd4 20. Ne6 (20. c6 $5) (
20. d6 $5) 20... Bxe6 21. dxe6 Qe7 22. Bd6 Qxe6 23. Bxb7 $36)) 14... Qc8 {
[%cal Gf6e4]} 15. Nxc6 (15. Rac1 Ne4 $1 16. Nxc6 bxc6 17. Nxe4 fxe4 $15) 15...
Qxc6 {The Qc8 is passive, so it is not bad to change it.} 16. Qxc6 bxc6 {
[%cal Gf6d7,Ge6g8,Ge7e5] White cannot prevent black playing e7-e5. His only
idea in this position is to fight for square d4 by f2-f4.} 17. Be5 {Otherwise
the Bf4 may be out of play.} Nd7 18. Bxg7+ Kxg7 19. Rac1 $6 {Too slowly.
Better was to start some operations on the Q-side.} (19. b4 $142 a5 $140 $6 (
19... Bf7) 20. b5 $1 (20. a3 axb4 21. axb4 Bf7 $11 {[%cal Gf8b8]}) 20... cxb5
21. c6 Rac8 22. Nxd5 $36 Rxc6 $4 23. Nf4 $18) 19... Rab8 20. b3 Bg8 21. e3 (21.
f4 e5 22. fxe5 Rfe8 {and black is not worse.}) 21... e5 22. Ne2 (22. f4 Rfe8
23. Kf2 Re7 $11 {[%csl Re3][%cal Gb8e8]} (23... Nf6 24. h3)) 22... e4 $1 {
Just in time! Black has got a nice square e5 for his knight.} 23. Nd4 Ne5 24.
f4 {Black has a lot of space on the K-side and he can start counterplay by
g6-g5 and f5-f4.} (24. Bf1 g5 25. Rb1 a5 26. a3 f4 $132 27. b4 axb4 28. axb4
fxe3 29. fxe3 Nf3+ $15) 24... exf3 25. Nxf3 Rfe8 $11 26. Nxe5 {Each side has a
weakness, and it is very hard to improve the position.} (26. Nd4 {White cannot
make any progress with the knights. For example:} Kf6 27. Rb1 a5 28. a3 Be6 29.
b4 axb4 30. axb4 Bd7 $11 {[%cal Ge5c4]} 31. Rb3 Nc4) 26... Rxe5 27. Kf2 a5 {
The only black's weakness is the Pa5. The plan of pushing a2-a3 and b3-b4 is
not so effective because there is no much material on the board. On the other
hand, black can attack the Pe3, so white cannot do much in this position.} 28.
Rd4 {[%cal Gd4a4]} Re7 29. Ke2 (29. Ra4 Ra7 $11 {[%cal Gg7f6,Gf6e5]}) 29... Rb4
30. Kd3 Be6 {[%cal Ge6c8,Gc8a6]} 31. Kc3 Bc8 $2 {A very strange decision. Now
white gets a good winning chanses.} (31... Rb5 32. Kb2 Rb4 $11) 32. Rxb4 axb4+
33. Kxb4 Rxe3 {The Pa2 is very dangerous.Black has some counterplay due to his
active rook,but white is clear better.} 34. Bf1 (34. Rc2 Kf6 35. a4 g5 $132)
34... g5 35. a4 f4 36. gxf4 gxf4 37. a5 Re4+ 38. Kc3 $6 (38. Ka3 $142 $1 f3 (
38... Kf6 39. a6 Ke5 (39... Re7 40. Kb4 f3 41. Ka5 $18) 40. a7 Bb7 41. Ba6 Ba8
42. Rg1 $18) 39. a6 Kf6 40. a7 Bb7 41. Rc3 Rf4 42. Re3 {[%cal Ge3e8]} Kf7 43.
Kb2 $16) 38... Re3+ 39. Kb4 Re4+ 40. Kc3 (40. Ka3 $1) 40... Re3+ 41. Kc2 {
The king is too far away from the Pa6.} Kf6 42. a6 f3 43. a7 $2 {After this
move black can stop the pawn.} (43. Ra1 $142 $1 Re8 44. Kd2 Bf5 45. a7 Ra8 46.
Ke3 Be4 47. Kd4 $16 {[%cal Gb3b4]}) 43... Bb7 44. Ra1 Ba8 45. Ra6 $4 {As it
usually happens, one mistake leads to another one!} (45. Bd3 $142 h6 46. Kd2
Re7 47. b4 f2 48. Rf1 Rxa7 49. Rxf2+ $14) 45... Re1 46. Bb5 (46. Rb6 Rxf1 47.
Rb8 Ra1 48. Rxa8 Kf7 $19) 46... f2 47. Rb6 Kg7 $1 (47... Ke5 $2 48. Bd3 $8 Ra1
49. Rb8 (49. Ra6 f1=Q $19) 49... Rxa7 50. Kc3 $1 Ra2 (50... d4+ 51. Kc4) 51.
Re8+ Kf4 52. Kd4 {and only white can win.}) 48. Bd3 $8 Re7 $4 {Missing a win!}
(48... f1=Q 49. Bxf1 Rxf1 50. Rb8 Rf8 51. Kd3 Kf7 52. b4 Ke7 53. Kd4 Rd8 $19 {
[%cal Ge7d7,Gd7c7]}) 49. Kd2 Rxa7 50. Ra6 $1 {Now the only possible result is
a draw.} Rf7 (50... Rxa6 51. Bxa6 Kf6 52. Ke3 Ke5 53. Bd3 h6 54. b4 Bb7 55. Be2
Bc8 56. Bf1 $11) 51. Rxa8 f1=Q 52. Bxf1 Rxf1 53. Rc8 Rf2+ 1/2-1/2

[Event "Aarhus GM"]
[Site "Aarhus"]
[Date "2003.08.01"]
[Round "6"]
[White "Berg, Klaus"]
[Black "Dworakowska, Joanna"]
[Result "1-0"]
[WhiteElo "2439"]
[BlackElo "2382"]
[Annotator "Roiz,M"]
[PlyCount "85"]
[EventDate "2003.07.27"]
[EventType "tourn"]
[EventRounds "9"]
[EventCountry "DEN"]
[EventCategory "9"]
[SourceTitle "CBM 097"]
[Source "ChessBase"]
[SourceDate "2003.11.11"]
[SourceVersion "1"]
[SourceVersionDate "2003.11.11"]
[SourceQuality "1"]

1. Nf3 {Hecht} f5 2. d4 Nf6 3. c4 g6 4. g3 d6 5. Bg2 Bg7 6. O-O O-O 7. Nc3 Nc6
8. d5 Na5 9. Qa4 {The most principal continuation.} ({Another possibilities
are:} 9. Qd3) (9. Nd2) {The main idea of this move is to prevent c4-c5.} 9...
b6 ({The most popular here is:} 9... c5 10. dxc6 Nxc6 ({or} 10... bxc6)) 10.
Qc2 c5 $146 {An interesting opening idea! After the exchange on c6 black could
put his bishop on b7.} (10... Bd7 11. b3 c5 12. dxc6 Bxc6 ({after} 12... Nxc6
13. Bb2 $14 {[%csl Rd7] White has a clear advantage-the Bd7 is not in place.})
13. Bb2 Qe8 14. Rad1 Rc8 15. Nd4 Bxg2 16. Kxg2 Qf7 17. e4 f4 18. f3 Nc6 19.
Nxc6 Rxc6 20. Qd2 $14 {1-0 Prudnikova,S-Dworakowska,J/Bled ol (Women) 2002})
11. dxc6 ({after} 11. b3 Rb8 12. Bb2 a6 {[%cal Gb6b5] black gets a typical
counterplay.}) 11... Nxc6 12. Ng5 $1 {White has to play very energetically to
use the weaknesses of black's position.} (12. Ne5 $6 dxe5 (12... Nxe5 13. Bxa8
Nxc4 14. Bg2 $16) 13. Bxc6 Rb8 14. Nb5 Be6 $13) 12... Qd7 $8 (12... Qe8 13. Nb5
$1 {[%cal Gb5c7]} Rb8 (13... Qd7 14. Ne6 $1 Qxe6 15. Bxc6 Rb8 16. Nxa7 $16) 14.
Bxc6 Qxc6 15. Nxa7 $16) 13. Nd5 $6 ({White have missed a beautiful way for
advantage:} 13. Qa4 $1 Bb7 14. Bd5+ Nxd5 15. cxd5 Ne5 16. Qh4 h5 17. Ne6 Rfc8
18. Nxg7 Kxg7 19. Qf4 $36 {[%csl Rg7]}) 13... Bb7 14. Nxf6+ Bxf6 $2 {That
natural move is a serious mistake.Black had to take under control the key
square on e6.} (14... Rxf6 $142 $1 15. b3 h6 16. Nf3 Rff8 $11) 15. Qa4 Qe8 (
15... Kh8 16. Bd5 e5 17. Rd1 Rab8 18. Rb1 $14 {[%cal Gb2b4]}) 16. Bd5+ Kh8 17.
Ne6 {[%cal Ge6c7]} Nd4 $8 18. Qxe8 Nxe2+ 19. Kg2 Bxd5+ 20. cxd5 Rfxe8 21. Be3
$2 {A strange decision.White should take the exchange immediately,because
black couldn't get any compensation.} (21. Nc7 Rac8 22. Nxe8 Rxe8 23. Rb1 Rc8
24. Be3 $16) 21... Rac8 $2 ({Black could take a pawn:} 21... Bxb2 $1 22. Rae1
Nc3 23. Nc7 Kg8 24. Bg5 (24. Nxa8 Nxd5 $1) (24. Nxe8 Nxd5 (24... Rxe8 25. Bd4
Kf7 26. f4 $1 {[%cal Gf1f2]} Na4 27. Bxb2 Nxb2 28. Rc1 Nd3 29. Rc7 Nb4 30. Rd1
Nxa2 31. Rb1 $1 a5 32. Rxb6 $14 {[%csl Rd6][%cal Gb6d6]}) 25. Nxd6 exd6 $13)
24... Rac8 25. Nxe8 Rxe8 26. Bxe7 Ba3 27. Re3 Bb4 28. Bxd6 Rxe3 29. Bxb4 Rd3
30. Bxc3 Rxc3 31. Rd1 Kf7 32. h3) 22. Rae1 Rc2 23. Kf3 g5 24. Bxg5 Bxg5 $6 ({
better was:} 24... Nd4+ 25. Nxd4 Bxd4 26. Rxe7 Rxe7 27. Bxe7 Be5 (27... Bxb2 $5
28. Bxd6 (28. Kf4 Rd2 29. Kxf5 Rxd5+ 30. Ke6 Re5+ 31. Kxd6 Re2) 28... Rd2 29.
Bb8 a6 30. d6 Be5 31. Ke3 Rd5 32. Rc1 Bxd6 33. Bxd6 Rxd6 34. Rc7 b5 {and black
has to hold this endgame.}) 28. Ke3 {[%cal Gf2f4]} Rc7 29. Bf8 Bxb2 30. Bxd6
Rd7 31. Rb1 Rxd6 32. Rxb2 Rxd5 33. Rc2 {and white has better chanses due to
his active king,but i believe that black can survive by direct play.}) 25. Rxe2
Rxe2 26. Kxe2 Bf6 {Hecht: '[#] The active king - mating attack' Hecht: '[#]
Der aktive König - Mattangriff'} 27. Rc1 $6 {White wants to leave the rooks on
the board,but that letting black to change his weak pawn on a5.} ({better was:
} 27. b3 $1 Rc8 28. Kd2 Bb2 {[%csl Rc1][%cal Yb2c1]} (28... Kg8 29. Rc1 Rxc1
30. Kxc1 $16 {[%csl Ra7,Rf5][%cal Gd3c4,Gc1c2,Gc2d3,Gc4b5,Gb5a6]}) 29. Rb1 Ba3
30. b4 Rc4 31. Rb3 $1 Bxb4+ 32. Kd3 Re4 33. f3 Rxe6 34. dxe6 Bc5 35. Kc4 $16)
27... Bxb2 28. Rc7 a5 $6 {A loss of time time.} ({It was necessary to activate
the king: Hecht:  Hecht: Vordringlich war} 28... Kg8 {Hecht: 'was urgently
needed'} 29. Rxa7 Kf7 {Hecht: 'to be able to activate the rook.' Hecht: 'um
den Turm aktivieren zu können'} 30. a4 Kf6 31. Kd3 Rc8 {and black has chanses
of draw due to his active rook.}) 29. Rb7 a4 $2 {That is already a decisive
mistake-there was no reason to hold the bishop on b2.} (29... Kg8 $142 30. Rxb6
Bf6 31. Ra6 Bc3 32. Kd3 Be1 $16) 30. Rxb6 a3 31. Kf3 $1 $18 {That is the
point! Now black has no time to defend on f5.} h6 (31... Bc1 {Hecht: 'was the
only chance of putting up some resistance.' Hecht: 'war der wohl einzige
Versuch, Widerstand zu leisten. '} 32. Rc6 Bd2 33. Rc2 Bh6 34. Rc3 Ra8 35. Rc7
Re8 (35... Rb8 36. Rxe7 Kg8 37. Nd4 Rb2 38. Nxf5 Bf8 39. Re2 $18) 36. Nd4 $18 {
[%csl Ra3,Re7,Rf5]}) 32. Kf4 Kg8 33. Kxf5 Kf7 34. f4 {Black is not able to
create any visible counterplay,so the rest is simple. Hecht: 'Black is
practically hobbled.' Hecht: 'Schwarz ist praktisch gelähmt'} Rh8 (34... Rc8 {
Hecht} 35. g4 Rc2 36. Rb8 Bg7 37. g5 hxg5 (37... Rg2 38. g6+ Rxg6 39. Nd8+ $18)
38. Nxg5#) 35. Rb5 {Hecht: 'Better was g4' Hecht: 'Naheliegender war g4'} h5
36. h3 Rc8 37. g4 hxg4 38. hxg4 Bg7 39. g5 Kg8 {Hecht: 'Now voluntarily
abandons the g6 square, on which the white king will will be more powerful
than a pawn.' Hecht: 'Gibt auch noch freiwillig das Feld g6 auf, auf dem der
weiße König gewaltiger thront als ein Bauer. '} (39... Bb2 40. Rb7 Ba1 41. g6+
Ke8 42. Ng5 $18 {[%cal Gf5e6]}) 40. Kg6 Bf8 41. f5 Ra8 42. Rb7 Rc8 43. Ra7 (43.
Nxf8 {Hecht} Kxf8 44. f6 exf6 45. gxf6 Kg8 46. Rh7 $18 {There is time to take
the a3-pawn. There is no danger of stalemate since h8 is available. was
freilich nicht davonläuft. Man kann auch noch den Ba3 einsacken. Pattgefahr
besteht nicht, da das Feld h8 frei ist.}) 1-0

[Event "Corus-C"]
[Site "Wijk aan Zee"]
[Date "2005.01.26"]
[Round "10"]
[White "Zhukova, Natalia"]
[Black "Lanchava, Tea"]
[Result "1-0"]
[WhiteElo "2465"]
[BlackElo "2366"]
[Annotator "Roiz,M"]
[PlyCount "59"]
[EventDate "2005.01.15"]
[EventType "tourn"]
[EventRounds "13"]
[EventCountry "NED"]
[EventCategory "7"]
[SourceTitle "CBM 105"]
[Source "ChessBase"]
[SourceDate "2005.04.11"]
[SourceVersion "1"]
[SourceVersionDate "2005.04.11"]
[SourceQuality "1"]

1. d4 f5 2. g3 g6 3. Bg2 Nf6 4. Nf3 Bg7 5. O-O O-O 6. c4 d6 7. Nc3 Nc6 {
That continuation is quite a rare guest in the modern practice and leads to a
very complicated strategical battle.} 8. d5 Na5 9. Qa4 c5 {The main
continuation. Like in the Yugoslavian variation of the King's Indian, it's not
easy to exploit the vulnerablity of Na5, so the exchange on c6 is practically
forced here.} ({The alternative is:} 9... b6 10. Qc2 $14 {which promises white
better chances.}) 10. dxc6 Nxc6 {The most solid choice.} ({after} 10... bxc6 {
white usually puts a strong presure on black's pawn structure by:} 11. c5 $1 {
-see Gelfand,B-Topalov,V/ Dos Hermanas 1994 [Dautov]}) 11. Rd1 Kh8 {That
continuation has gained some popularity due to Mateusz Bartel, who used to
play it in a several games. Black is not hurrying with a development of his
Bc8, as sometimes it can be placed well either on d7 or e6. At the same time,
11...Kg8-h8 is a good profilactic move.} ({The paractice shows,that white has
a somewhat better chances after:} 11... Qa5 12. Qb3 $14) ({or} 11... Bd7 12. c5
$14) 12. c5 {That is the most principal continuation-white forces black to
advance his Pd6, weakening the dark squares. At the same time, white doesn't
get a full control over the center, while black can fight for a central spot
''e5'' by playing Nf6-e4 in future.} ({White could gain a pleasant edge after
a quiet:} 12. Qc2 Bd7 13. b3 $14) 12... d5 13. Bf4 (13. Qh4 $5 e6 14. Bg5 Qa5
15. Rac1 $14) 13... Be6 14. Ne5 Qc8 15. Nxc6 (15. Rac1 $6 Ne4 $1 16. Nxc6 bxc6
17. Nxe4 fxe4 $15) 15... Qxc6 16. Qa3 {In my opininon, it was better to
exchange the queens, as now the Qa3 is quite passive.} ({You can see my
comments to:} 16. Qxc6 {-in 1/2-1/2 Staniszewski,P-Bartel,M/Warsaw 2003/CBM 95/
[Roiz,M] (53)}) 16... Ne4 17. Nxe4 $6 $146 {An unsuccessful novelty. There was
nothing bad with an exchange on c3, as in that case white could set-up a solid
blockade. At the same time, now the Bg2 will be closed, and black gets a clear
advantage.} ({Better was:} 17. Be3 Bf7 ({worse is:} 17... Nxc3 $6 18. bxc3 Bf7
19. Rab1 Rfd8 20. f4 $14 {[%csl Rf7]}) 18. Nxe4 fxe4 19. f3 exf3 20. exf3 e5
21. f4 e4 $132 {1/2-1/2 Palac,M-Bartel,M/Istanbul 2003/CBM 96 (32)}) 17... fxe4
18. Rac1 Bg8 {Now black's bishops are much stronger than their opponents! More
than that, the central pawns are very mobile and may become very dangerous.}
19. Rc2 d4 $1 {Cutting white's queen from the centre. White's pieces are not
coordinated, and that makes her position very dangerous.} ({Less energetical
would be:} 19... e5 20. Bg5 Qe6 21. Qe3 $15) 20. Bg5 Qe6 21. c6 Qf5 $2 {
An unbelievable mistake which turns up the valuation! There was no reason to
let white create a dangerous passed pawn on the qside!} ({After the natural} 
21... bxc6 22. Bxe7 (22. Qxe7 Qf5 23. Bf4 Bd5 $17) 22... Rf7 23. Bc5 Qf5 $36)
22. cxb7 Rab8 23. Bxe7 Qxf2+ $4 {An unbelievable mistake,which turns up the
valuation! There was no reason to let white create a dangerous passed pawn on
the qside!} ({The only way was:} 23... Rf7 24. Qxa7 Be5 25. Bc5 (25. Qc5 $6
Rxb7 26. Bd8 Rbd7 $36) 25... Qxf2+ 26. Kh1 Rfxb7 27. Bxd4 Bxd4 28. Qxd4+ Qxd4
29. Rxd4 Rxb2 30. Bxe4 Rxc2 31. Bxc2 Bxa2 $16 {At the same time, i can hardly
recommend something better:}) 24. Kh1 $18 {Now the game is over! Black cannot
avoid an additional loss of material.} d3 {That loses immediately.} ({At the
same time, i can hardly recommend something better:} 24... Rf7 25. Qxa7 Be5 26.
Qc5 $18 {[%csl Gb7,Re5,Rf2]}) ({or} 24... Rfe8 25. Qxa7 Qf7 (25... Bd5 26. Qxb8
Rxb8 27. Rc8+ $18) 26. Rc7 $18 {and the Pb7 should decide the game very soon.})
25. Bxf8 Rxf8 (25... dxc2 26. Bxg7+ Kxg7 27. Qc3+ $18) 26. Rcc1 dxe2 27. Re1 e3
(27... Rb8 28. Bxe4 $18) (27... Bd5 28. Rxe2 Qxe2 29. Qxf8+ Bxf8 30. b8=Q $18)
28. Qd6 Bxb2 29. Rxe2 Qxe2 30. Qxf8 1-0